000 00531nam a2200181Ia 4500
999 _c19534
_d19534
003 OSt
005 20211119110803.0
008 190216s9999||||xx |||||||||||||| ||und||
040 _coclc
082 _a901.9
_bSTR/M
100 _aStrayer, Joseph R
_98918
245 4 _aThe Mainstream Of Civilization /
_cJoseph R Strayer
250 _a4th Ed.
260 _bHarcourt Brace Jovanovich,
_c1984.
_aNew York:
300 _a845p
650 _aWorld Civilization
942 _cBK
_2ddc
_h901.9
_iSTR/M
_k901.9
_mSTR/M